01324nam a2200253 i 4500003000900000005001700009007000300026008004100029020001900070040003000089082002500119100004100144245012200185264006000307300002700367336002700394337003300421338002800454490004200482504002800524505038800552651007600940651005401016DO-SdBNP20260303090148.0ta210922b2016 dr o|||| |||| 00| 0 eng d a97899455869230 aDO-SdBNPbspacBNPHUerda 4a972.9304bA185p 2221 aAcosta Matos, Eliades,d1959-eautor13aEl proceso restaurador visto desde Cuba :bsu impacto político y en la Guerra de Independencia cubana (1868-1878) / 1aSanto Domingo :bArchivo General de la Nación,c2016. a44 páginas ;c23 cm. 2rdacontentatextobtxt 2rdamediaasin mediaciónbn 2rdacarrieravolumenbnc1 aArchivo General de la Nación ;v295 aIncluye bibliografías aEl proceso restaurador visto desde Cuba. Su impacto político y en la Guerra de Independencia cubana (1868-1878), 9.-- El proceso de la Anexión en la geopolítica del Caribe, 12.-- Las Reservas dominicanas y el futuro de Cuba, 17.-- Santiago de Cuba, la retaguardia española y los ecos de su derrota, 25.-- Los primeros maestros de la guerra redentora en Cuba, 31.-- Anexos, 43 4aRepública DominicanaxHistoriayGuerra de la Restauración 1863-1865 4aCubaxHistoriazGuerra de independencia 1868-1878